| 000 | 01328cam a22002891i 4500 | ||
|---|---|---|---|
| 003 | SA-RiAUC | ||
| 005 | 20250828035144.0 | ||
| 008 | 250824s2014____sy g 000 0dara c | ||
| 020 | _a9789933480271 | ||
| 040 |
_aSA-RiIMS _bara _cSA-RiAUC _erda |
||
| 043 |
_aa-su--- _af-mr--- |
||
| 082 | 0 | 4 |
_a915.31204 _qSA-RiAUC |
| 090 |
_a915.31204 _bا ب ن ط |
||
| 100 | 1 |
_aابن الطيب، محمد بن الطيب محمد بن محمد، _d1110-1170 هجري _eمؤلف. |
|
| 245 | 1 | 0 |
_aرحلة ابن الطيب من فاس إلى مكة المكرمة / _cتأليف محمد الطيب محمد بن موسى الفاسي ؛ تحقيق عارف أحمد عبد الغني. |
| 264 | 1 |
_aدمشق : _bدار العراب : _bدار نور حوران، _c2014. |
|
| 300 |
_a426 صفحة ؛ _c24 سم |
||
| 336 |
_aنص _btxt _2rdacontent _3كتاب |
||
| 337 |
_aبدون وسيط _bn _2rdamedia |
||
| 338 |
_aمجلد _bnc _2rdacarrier |
||
| 600 | 1 | 7 |
_aبن الطيب، محمد بن الطيب محمد بن محمد، _d1110-1170 هجري _xرحلات _2aucnm |
| 651 | 7 |
_aمكة المكرمة _xوصف ورحلات _2aucsh |
|
| 651 | 7 |
_aفاس (المغرب) _xوصف ورحلات _2aucsh |
|
| 700 | 1 |
_aعبد الغني، عارف أحمد _eمحقق. |
|
| 942 |
_2ddc _cBOOK _n0 |
||
| 949 |
_aSA-JeALM _d250824 _umohamedma123 _n1 |
||
| 999 |
_c11202 _d11202 |
||